banner koha

Orientações técnicas para a produção de pimentão em Santa Catarina (Registro n. 292529)

MARC details
000 -LÍDER
campo de controle de tamanho fixo 01697nac a22005657a 4500
001 - NÚMERO DE CONTROLE
campo de controle BR0205785
003 - IDENTIFICADOR DO NÚMERO DE CONTROLE
campo de controle BR-BrBNA
005 - DATA E HORÁRIO DA ÚLTIMA TRANSAÇÃO
campo de controle 20240105122726.0
008 - CAMPO DE DADOS FIXOS--INFORMAÇÃO GERAL
campo de controle de tamanho fixo 230509b bl.|||m| |||| 00| 0 por d
040 ## - FONTE DA CATALOGAÇÃO
Instituição da catalogação original BR-BrBNA
Idioma da catalogação por
Instituição que transcreveu o registro Biblioteca Nacional de Agricultura
072 ## - CÓDIGO DE CATEGORIA DE ASSUNTO
Código de Categoria de Assunto F01
090 ## - NÚMERO DE CHAMADA LOCAL
Número de chamada 1845 BR0205785
100 1# - ENTRADA PRINCIPAL--NOME PESSOAL
Nome pessoal Miwa, C.
100 1# - ENTRADA PRINCIPAL--NOME PESSOAL
Nome pessoal Yoshida, M.H.
100 1# - ENTRADA PRINCIPAL--NOME PESSOAL
Nome pessoal Matsumoto, Y.
100 1# - ENTRADA PRINCIPAL--NOME PESSOAL
Nome pessoal Mandelli, M.A.
100 1# - ENTRADA PRINCIPAL--NOME PESSOAL
Nome pessoal Mandeli, O.
100 1# - ENTRADA PRINCIPAL--NOME PESSOAL
Nome pessoal Fagherazzi, L.
100 1# - ENTRADA PRINCIPAL--NOME PESSOAL
Nome pessoal Miura, L.
100 1# - ENTRADA PRINCIPAL--NOME PESSOAL
Nome pessoal Canalle, A.
100 1# - ENTRADA PRINCIPAL--NOME PESSOAL
Nome pessoal Rachinski, S.
100 1# - ENTRADA PRINCIPAL--NOME PESSOAL
Nome pessoal Marsarotto, L.F.
100 1# - ENTRADA PRINCIPAL--NOME PESSOAL
Nome pessoal Basso, C.
100 1# - ENTRADA PRINCIPAL--NOME PESSOAL
Nome pessoal Cosllc, E.
100 1# - ENTRADA PRINCIPAL--NOME PESSOAL
Nome pessoal Rosset, V.
100 1# - ENTRADA PRINCIPAL--NOME PESSOAL
Nome pessoal Gásperi, A.C.
100 1# - ENTRADA PRINCIPAL--NOME PESSOAL
Nome pessoal Schallenberger, E.
100 1# - ENTRADA PRINCIPAL--NOME PESSOAL
Nome pessoal Rockenbach, I.H.
100 1# - ENTRADA PRINCIPAL--NOME PESSOAL
Nome pessoal Tortato, L.R.
100 1# - ENTRADA PRINCIPAL--NOME PESSOAL
Nome pessoal Tomaselli, A.
100 1# - ENTRADA PRINCIPAL--NOME PESSOAL
Nome pessoal Baú, N.L.
100 1# - ENTRADA PRINCIPAL--NOME PESSOAL
Nome pessoal Scolaro, M.
100 1# - ENTRADA PRINCIPAL--NOME PESSOAL
Nome pessoal Mueller, S.
110 1# - ENTRADA PRINCIPAL--NOME CORPORATIVO
Nome corporativo ou nome da jurisdição Empresa de Pesquisa Agropecuária e Extensão Rural de Santa Catarina S.A., Florianópolis (Brasil)
245 1# - TÍTULO
Título Orientações técnicas para a produção de pimentão em Santa Catarina
260 3# - PUBLICAÇÃO, DISTRIBUIÇÃO, ETC.
Local de publicação, distribuição, etc. Florianópolis, SC (Brasil):
Data da publicação, distribuição, etc. 2002.
300 ## - DESCRIÇÃO FÍSICA
Extensão 42 p.
490 ## - TÍTULO DA SÉRIE
Título da série Sistema de Produção - Empresa de Pesquisa Agropecuária e Extensão Rural de Santa Catarina S.A. (Brazil)
Número do volume ou designação sequencial da série no. 40
ISSN - International Standard Serial Number ISSN 1414-6118
500 ## - NOTA GERAL
Nota geral 6 tables
650 ## - ASSUNTO--TERMO TÓPICO
Cabeçalho tópico ou nome geográfico PIMENTÃO
650 ## - ASSUNTO--TERMO TÓPICO
Cabeçalho tópico ou nome geográfico PRODUÇÃO VEGETAL
650 ## - ASSUNTO--TERMO TÓPICO
Cabeçalho tópico ou nome geográfico ADUBAÇÃO
650 ## - ASSUNTO--TERMO TÓPICO
Cabeçalho tópico ou nome geográfico DISTURBIO NUTRICIONAL
650 ## - ASSUNTO--TERMO TÓPICO
Cabeçalho tópico ou nome geográfico IRRIGAÇÃO
650 ## - ASSUNTO--TERMO TÓPICO
Cabeçalho tópico ou nome geográfico PRAGA DE PLANTA
650 ## - ASSUNTO--TERMO TÓPICO
Cabeçalho tópico ou nome geográfico DOENÇA DE PLANTA
650 ## - ASSUNTO--TERMO TÓPICO
Cabeçalho tópico ou nome geográfico SANTA CATARINA
909 ## -
-- 202312
-- Lúcia Elande
-- 55
-- Lúcia Elande
942 ## - ELEMENTOS DE ENTRADA ADICIONADOS (KOHA)
Fonte da classificação ou esquema de arquivamento na estante Classificação AGRIS
Ocultar no OPAC Não
Tipo de material Koha Monografia Seriada
Exemplares
Situação do descarte Fonte da classificação ou esquema de arquivamento na estante Situação física Não pode ser emprestado Coleção Biblioteca de origem Biblioteca atual Localização na estante Total de empréstimos Número de telefone completo Código de barras Data de último acesso Tipo de material Koha Fonte de aquisição
  Classificação AGRIS       Biblioteca Nacional de Agricultura - Binagri Biblioteca Nacional de Agricultura - Binagri Agrobase - Acervo Geral   1845 BR0205785 1845 BR0205785 18/12/2023 Monografia Seriada Portaria Interministerial nº 164/94

BINAGRI

Telefone: (61)3218-2567/2388/3357/2097 - binagri@agro.gov.br

Ministério da Agricultura e Pecuária , Esplanada dos Ministérios, Bloco D, Anexo B, Brasília/DF, CEP: 70.043-900